000 00429nam a2200133Ia 4500
008 250112s9999 xx 000 0 und d
020 _a978-3-319-08329-2
100 _aRishi P Singh
245 0 _aManaging Diabetic Eye Disease in Clinical Practice
250 _a1st ed. 2015
260 _c2015
_bSpringer International Publishing
856 _uhttps://link.springer.com/openurl?genre=book&isbn=978-3-319-08329-2
942 _cEB
999 _c380119
_d380119